| 000 | 00443nam a22001697a 4500 | ||
|---|---|---|---|
| 003 | OSt | ||
| 005 | 20140310182032.0 | ||
| 008 | 130814t xxu||||| |||| 00| 0 eng d | ||
| 020 | _a9719174935 | ||
| 050 |
_aB 69 _b.K82 1999 |
||
| 082 |
_aHS 170 _bK79 1999 |
||
| 100 |
_aKong , Francis _910361 |
||
| 245 |
_aThree little words : _bon life, on love, on laughs / _cFrancis Kong |
||
| 300 |
_a181 p. : _c20 cm. |
||
| 942 |
_2lcc _cHS |
||
| 999 |
_c8600 _d8600 |
||